00274pab a2200121 454500008004000000100001800040245003400058260000900092300001300101362001200114650001300126773001300139180718b1977 xxu||||| |||| 00| 0 eng d aKumar, Satish aOctroi - Can it be abolished? c1977 ap.38-42. aOct-Dec aTaxation aNagarlok